000 01258nam a22002537a 4500
005 20130430120354.0
010 _aENG-106963
020 _a9788132109686
_c695.00
035 _aEN-90496
037 _bDBAD/PUB
082 0 0 _a954.035092
_223
100 1 _aNatarajan, Nalini.
245 1 0 _aAtlantic Gandhi :
_bthe Mahatma overseas /
_cby Nalini Natarajan
260 _aNew Delhi:
_bSAGE Publications
_c2013
270 _aB1/I-1 Mohan Cooperative Industrial Area, Mathura Road
_bNew Delhi
_e110044
300 _axi, 248 p. :
_bill.
_c23cm(Hb)
500 _aIncludes bibliographical references (p. [229]-242) and index.
505 0 _aFrom Kathiawar -- Sailing the high seas -- Deconstructing the coolie -- Plotting a diasporic nation -- Local cosmopolitan and modern anti-modern: Hind Swaraj and Satyagraha in South Africa -- The Tamil women of the Transvaal -- Gandhi and Atlantic modernity -- "Prophet in homespun": Deenabandhu C.F. Andrews -- Conclusion: diasporic Gandhi.
600 1 0 _aGandhi,
_cMahatma,
_d1869-1948.
600 1 0 _aGandhi,
_cMahatma,
_d1869-1948
_xTravel
_zSouth Africa.
650 0 _aStatesmen
_zIndia
_vBiography.
650 0 _aEast Indians
_zSouth Africa
_xPolitics and government.
942 _2ddc
_cEN
_h954.035092
_mNAT
999 _c74959
_d74959